Elements Of Artificial Neural Networks (Record no. 316386)

MARC details
000 -LEADER
fixed length control field 00531nam a2200181Ia 4500
008 - FIXED-LENGTH DATA ELEMENTS--GENERAL INFORMATION
fixed length control field 230718s9999 xx 000 0 und d
020 ## - INTERNATIONAL STANDARD BOOK NUMBER
International Standard Book Number 9788187972204
041 ## - LANGUAGE CODE
Language code of text/sound track or separate title eng
082 ## - DEWEY DECIMAL CLASSIFICATION NUMBER
Classification number 006.32
Item number MEH
100 ## - MAIN ENTRY--PERSONAL NAME
Personal name Mehrotra K.
9 (RLIN) 109239
245 ## - TITLE STATEMENT
Title Elements Of Artificial Neural Networks
250 ## - EDITION STATEMENT
Edition statement 2nd ed.
260 ## - PUBLICATION, DISTRIBUTION, ETC. (IMPRINT)
Date of publication, distribution, etc. 2007
Name of publisher, distributor, etc. Penram International Publishing (India) Pvt. Ltd.
300 ## - PHYSICAL DESCRIPTION
Accompanying material [OBSOLETE, CAN/MARC] Ref 1355 C (27588)
365 ## - TRADE PRICE
Currency code Rs.
Price amount 320.00
700 ## - ADDED ENTRY--PERSONAL NAME
Personal name Mehrotra K.; Mohan C.K. & Ranka S.
906 ## - LOCAL DATA ELEMENT F, LDF (RLIN)
d B:399712-Mar-2007
c IT
b 64
Holdings
Withdrawn status Lost status Damaged status Not for loan Home library Current library Date acquired Vendor Budget Code Cost, normal purchase price Bill number Total Checkouts Full call number Barcode Date last seen Discount Cost, replacement price Bill Date Koha item type Original Barcode
        Cummins College of Engineering for Women Pune Cummins College of Engineering for Women Pune 03/04/2007 Tbs IT 256.00 3997   006.32 CCEP-BK-27593 18/07/2023 64 320.00 12/03/2007 Books 027593